00556nam a2200193Ia 4500003000400000005001700004008004100021020001500062040000700077082001500084100002500099245007800124250000800202260003400210300002800244500001900272600002100291650005000312OSt20241023110610.0240925s9999 xx 000 0 und d a007282350X csd a005.74 MAN aMannino , Michael V. 0aDatabase Design, Application, Development, and Administration with CD rom a2nd aBoston:bMC Graw-Hillc,2004. axvi,655p.bNAfOriginal aIncludes Index aComputer Science aComputer science, information & general works